Italian Football Clubs by Badge - Statistics

General Stats
  • This quiz has been taken 327 times
  • The average score is 30 of 40
Answer Stats
Picture Answer % Correct
Juventus
97%
Milan
97%
Roma
97%
Atalanta
96%
Napoli
96%
Fiorentina
95%
Inter Milan
95%
Lazio
95%
Torino
95%
Bologna
94%
Genoa
93%
Parma
92%
Udinese
92%
Cagliari
91%
Como
90%
Sampdoria
90%
Venezia
90%
Sassuolo
89%
Lecce
88%
Monza
88%
Empoli
87%
Hellas Verona
87%
Palermo
87%
Salernitana
80%
Cremonese
75%
Bari
73%
Frosinone
72%
Brescia
70%
Pisa
70%
Spezia
56%
Südtirol
52%
Cesena
49%
Cittadella
49%
Modena
49%
Catanzaro
42%
Reggiana
40%
Juve Stabia
39%
Mantova
34%
Cosenza
33%
Carrarese
29%
No matching quizzes found
Score Distribution
Percent of People with Each Score
Percentile by Number Answered
Your Score History
You have not taken this quiz